000 02178nam0a2200385 4500
001 RU\NLR\bibl\1043565
005 20260407152856.0
010 _a5-902-948-12-6
_9500
021 _aRU
_b2006-84594
_94287
035 _a(nilc)RSL-KNO-003014663
035 _a(NLR Aleph) 001030948
090 _a758201
_c758201
100 _a20061222d2006 |||y0rusy50 ca
101 0 _arus
102 _aRU
105 _ay zzzz|||||
106 _ar
200 1 _aСборник материалов научно-практической конференции, посвященной 100-летнему юбилею Государственной Думы России, Калуга, 19 апреля 2006 года
210 _aКалуга
_cЗаконодательное Собр. Калужской обл.
_d2006
215 _a138 с.
_d20
300 _aВ надзаг.: Законодательное Собр. Калужской обл.
320 _aБиблиогр. в конце ст.
601 0 1 _aРоссия
_bГосударственная дума
_jСъезды, совещания и т.п.
_9912486
_3RU\NLR\auth\6613827
610 0 _aГосударство и право. Юридические науки -- Государственное (конституционное) право -- Российская Федерация -- Система органов государства -- Высшие органы государственной власти -- Федеральное Собрание -- Государственная Дума -- История вопроса -- Материалы конференции
686 _aХ620.611.22РФ01г.я431(2)
_2rubbk
686 _aТ3(2)52-532.2я431
686 _aХ809(2)62я431
710 1 2 _aНаучно-практическая конференция, посвященная 100-летнему юбилею Государственной Думы России
_f2006
_eКалуга
_3RU\NLR\AUTH\8810093356
_9687896
801 0 _aRU
_bРКП
_c20061222
_grcr
801 1 _aRU
_bРГБ
_c20061222
801 2 _aRU
_bNLR
_c20070210
_grcr
942 _cBOOK
980 _aNB